|
|
|
|
| LEADER |
00644nta a2200169 i 4500 |
| 001 |
dipl82957 |
| 005 |
20200623115518.0 |
| 008 |
200429s1989 hu om 0|| zxx d |
| 040 |
|
|
|a SZTE Diploma Repozitórium
|b hun
|
| 041 |
|
|
|a zxx
|
| 100 |
1 |
|
|a Huff Zsuzsanna
|
| 245 |
1 |
3 |
|a Az őzállomány szabályozásának helyzete és problémái (különös tekintettel Csongrád megyére)
|h [elektronikus dokumentum] /
|c Zsuzsanna Huff
|
| 260 |
|
|
|c 1989
|
| 650 |
|
4 |
|a Pedagógusképzés
|
| 650 |
|
4 |
|a Biological sciences
|
| 700 |
1 |
|
|a Dózsa József
|e ths
|
| 856 |
4 |
0 |
|u http://diploma.bibl.u-szeged.hu/id/eprint/82957/1/itt_1257_1989_huff_zsuzsanna.pdf
|z Dokumentum-elérés
|